MARC

LEADER 00000nam0a2200000 4500
001 255391
005 20231031215137.0
010 |a 5625001685 
035 |a (RuTPU)RU\TPU\book\277899 
090 |a 255391 
100 |a 20140328d1989 m y0rusy50 ca 
101 0 |a rus 
102 |a KZ 
105 |a y j 001zy 
200 1 |a Введение в основы информатики и вычислительной техники   |e курс лекций  |f Е. А. Бурин 
210 |a Алма-Ата  |c Мектеп  |d 1988 
215 |a 144с.  |c ил. 
320 |a Библиогр.: с. 143. 
606 1 |a Информатика  |2 stltpush  |3 (RuTPU)RU\TPU\subj\12879 
606 1 |a Вычислительная техника  |2 stltpush  |3 (RuTPU)RU\TPU\subj\4036 
610 1 |a лекции 
610 1 |a арифметические основы 
610 1 |a логические основы 
610 1 |a алгоритмические основы 
610 1 |a физические основы 
610 1 |a ЭВМ 
610 1 |a управление 
675 |a 681.3(075.8)  |v 3 
686 |a Ч23  |v LBC/SL-A  |2 rubbk 
700 1 |a Бурин  |b Е. А.  |g Ельдес Амерханович 
801 1 |a RU  |b 63413507  |c 20140328 
801 2 |a RU  |b 63413507  |c 20140505  |g RCR 
942 |c BK